Televisión abierta y audiencia en América latina

Guardat en:
Dades bibliogràfiques
Autor principal: Fuenzalida, Valerio (Autor)
Format: Llibre
Idioma:espanyol
Publicat: Bogotá Norma 2006
Edició:2a. ed
Col·lecció:Enciclopedia latinoamericana de Sociocultura y Comunicación
Matèries:
Etiquetes: Afegir etiqueta
Sense etiquetes, Sigues el primer a etiquetar aquest registre!

MARC

LEADER 00000nam a2200000 a 4500
001 UCH1911
003 CL-VaPUC
008 090520e20060000CK |||||||||||||||||spa|d
020 |a 9580491437 
082 0 4 |a 302.2345  |b FUE  |2 21 
100 0 |a Fuenzalida, Valerio  |e author  |9 536524 
245 1 0 |a Televisión abierta y audiencia en América latina 
250 |a 2a. ed 
300 |a 131 p 
942 |c BK 
945 |d 20090520 00:00:00  |a rbrito 
260 |a Bogotá  |b Norma  |c 2006 
650 7 |a TELEVISION EDUCATIVA  |2 CL-VaPUC  |9 310717 
650 0 |a Medios de comunicación de masas  |9 257273 
650 0 |a Televisión  |9 256845 
650 7 |a TELEVIDENTES  |2 CL-VaPUC  |9 339904 
650 0 |a Programas de televisión  |9 335092 
583 |a last modification  |c 20090520 00:00:00  |k Rodrigo Vera 
490 0 |a Enciclopedia latinoamericana de Sociocultura y Comunicación 
999 |c 333805  |d 333803 
952 |0 0  |1 0  |4 0  |6 302_234500000000000_FUE_2006  |7 0  |8 A  |9 422429  |a BIBEDU  |b BIBEDU  |d 2019-11-22  |i 4552121  |o 302.2345 FUE 2006  |p 4552121  |r 2019-11-22  |w 2019-11-22  |y BK  |k EBA